Click the countries that apply! - Statistics

General Stats
  • This quiz has been taken 44 times
  • The average score is 37 of 45
Answer Stats
Question Tile Select % Correct
Countries in South America Austria No
100%
Countries in South America Bangladesh No
100%
Countries in South America Brazil Yes
100%
Countries in South America New Zealand No
100%
Countries with a population of more than 30 million Panama No
100%
Countries in South America Slovakia No
100%
Countries with a population of more than 30 million Sweden No
100%
Countries with a population of more than 30 million China Yes
98%
Countries in South America Mexico No
98%
Countries with a president United States of America Yes
98%
Countries currently in NATO Belarus No
95%
Countries currently in NATO China No
95%
Countries currently in NATO Germany Yes
95%
Countries in South America Peru Yes
95%
Countries currently in NATO Russia No
95%
Countries with a population of more than 30 million Germany Yes
93%
Countries that were in World War 2 Germany Yes
93%
Countries currently in NATO Italy Yes
93%
Countries that were in World War 2 Japan Yes
93%
Countries in South America Paraguay Yes
93%
Countries currently in NATO Brazil No
90%
Countries currently in NATO Canada Yes
88%
Countries in South America Columbia Yes
88%
Countries with a population of more than 30 million Mexico Yes
88%
Countries currently in NATO United States of America Yes
88%
Countries with a population of more than 30 million France Yes
85%
Countries with a president Brazil Yes
80%
Countries that were in World War 2 Mexico No
80%
Countries that were in World War 2 Morocco No
80%
Countries with a population of more than 30 million Australia No
78%
Countries with a population of more than 30 million Argentina Yes
73%
Countries currently in NATO Sweden Yes
73%
Countries that were in World War 2 Canada Yes
71%
Countries with a president Canada No
71%
Countries with a president China No
68%
Countries with a president Mexico Yes
68%
Countries with a president Turkey Yes
66%
Countries with a population of more than 30 million Canada Yes
63%
Countries with a president Chile Yes
63%
Countries with a president France Yes
63%
Countries that were in World War 2 Spain No
63%
Countries with a president Germany No
59%
Countries that were in World War 2 China Yes
56%
Countries that were in World War 2 New Zealand Yes
46%
Countries that were in World War 2 Brazil Yes
32%
No matching quizzes found
Score Distribution
Percent of People with Each Score
Percentile by Number Answered
Your Score History
You have not taken this quiz